000 00521nmm a22001697a 4500
005 20160308110022.0
008 160308b xxu||||| |||| 00| | spa d
041 _aeng
100 _aParedes Bruno, Poul Jim Estiwarth
_96619
245 _aPowerPoint 2013
_h[electronic resource]
260 _aPerú
_bMacro
_c2013
300 _e Este disco viene acompañado del libro PowerPoint 2013. 005.3/P227p
_a1 CD-ROM
650 _aPOWERPOINT
_96620
650 _aPRESENTACIONES
_96558
650 _aDIAGRAMACIÓN
_96621
942 _cBK
999 _c7803
_d7803